Géographie du Canada pour les nuls - Statistiques

Statistiques générales
  • Ce quiz a été pris 342 fois
  • Le résultat moyen est 11 sur 20
Statistiques - réponses
Question Réponse % Correct
Quel fleuve coule à Montréal et à Québec? Fleuve Saint-Laurent
93%
Quelle est la ville la plus peuplée du Canada? Toronto
92%
Quelles chutes relient le lac Érié au lac Ontario? Chutes Niagara
79%
Quel groupe ethnique autochtone habite l’Arctique canadien? Les Inuits
77%
Quelle chaîne de montagnes borde la Colombie-Britannique à l'est? Montagnes Rocheuses
68%
Que sont le Yukon et le Nunavut? Des territoires
65%
Quel Grand Lac est le seul à ne pas être situé au Canada? Lac Michigan
64%
Quelle grande baie borde le Québec à l'ouest et l'Ontario au nord? Baie d'Hudson
61%
Quelle est la plus petite province canadienne en superficie? Île-du-Prince-Edouard
58%
Depuis 2022, avec quel pays le Canada partage-t-il une frontière sur l'île de Hans? Le Danemark
53%
Quelle ville d'Alberta est célèbre pour son festival de rodéo Stampede? Calgary
51%
Quel type de forêt recouvre près de 60% du territoire canadien? Forêt boréale
51%
Quelle province a Winnipeg pour capitale? Le Manitoba
51%
Quelle péninsule québécoise est célèbre pour ses paysages naturels dontle Rocher Percé? La Gaspésie
42%
Quelle ville est la capitale de la Nouvelle-Écosse? Halifax
41%
Quel est le plus ancien parc national du Canada (voir photo)? Banff
33%
Quelle ville est située sur l'île Jésus? Laval
32%
Quelle ville québécoise se situe à l'embouchure de la rivière Saint-Maurice? Trois-Rivières
29%
Quelle île est la plus grande du Canada et la cinquième au monde? Île de Baffin
27%
Quelle région située au nord-est du Québec abrite la deuxième plus grandecentrale hydroélectrique du monde? Le Labrador
25%
Aucun quiz correspondant
Distribution des résultats
% des personnes avec chaque résultat
Percentile par nombre de réponses
Votre historique - résultats
Vous n’avez pas pris ce quiz